Sobre museos y sus servicios educativos (Record no. 60)

MARC details
000 -CABECERA
campo de control de longitud fija 00786nam a2200205 a 4500
001 - NÚMERO DE CONTROL
campo de control BRCA_60
005 - FECHA Y HORA DE LA ÚLTIMA TRANSACCIÓN
campo de control 20190320202852.0
008 - DATOS DE LONGITUD FIJA--INFORMACIÓN GENERAL
campo de control de longitud fija 821216c1982 ---a---###---#000-0#spa-#
040 ## - FUENTE DE LA CATALOGACIÓN
Centro catalogador/agencia de origen DLC
Centro/agencia transcriptor DLC
Centro/agencia modificador DLC
050 #4 - SIGNATURA TOPOGRÁFICA DE LA BIBLIOTECA DEL CONGRESO
Número de clasificación AM5
Número de documento/Ítem .C93 1982
100 1# - ENTRADA PRINCIPAL--NOMBRE DE PERSONA
Nombre de persona Cucurullo de Engelmann, Gina M.
9 (RLIN) 282
245 10 - MENCIÓN DE TÍTULO
Título Sobre museos y sus servicios educativos
Mención de responsabilidad, etc. Gina M. Cucurullo de Engelmann.
260 ## - PUBLICACIÓN, DISTRIBUCIÓN, ETC.
Lugar de publicación, distribución, etc. Santo Domingo, Rep. Dominicana
Nombre del editor, distribuidor, etc. Museo de Las Casas Reales
Fecha de publicación, distribución, etc. 1982
300 ## - DESCRIPCIÓN FÍSICA
Extensión 203 p.
Otras características físicas il. blanco y negro
Dimensiones 21 cm.
500 ## - NOTA GENERAL
Nota general Incluye apéndice de directorio de museos de la Ciudad de Santo Domingo, República Dominicana
500 ## - NOTA GENERAL
Nota general Incluye índice de nombres y bibliografía sumaria
650 14 - PUNTO DE ACCESO ADICIONAL DE MATERIA--TÉRMINO DE MATERIA
Término de materia o nombre geográfico como elemento de entrada Museos de arte
Subdivisión general Aspectos educativos
9 (RLIN) 283
651 #4 - PUNTO DE ACCESO ADICIONAL DE MATERIA--NOMBRE GEOGRÁFICO
Nombre geográfico República Dominicana
9 (RLIN) 284
942 ## - ELEMENTOS DE PUNTO DE ACCESO ADICIONAL (KOHA)
Fuente del sistema de clasificación o colocación Library of Congress Classification
Tipo de ítem Koha Libros
Holdings
Estado de retiro Estado de pérdida Estado dañado No para préstamo Localización permanente Ubicación/localización actual Fecha de adquisición Total de préstamos Signatura topográfica completa Código de barras Fecha visto por última vez Precio válido a partir de Tipo de ítem Koha
El ejemplar forma parte de la colección y puede ser consultado según las políticas vigentes.       Biblioteca del Museo Franz Mayer (Rogerio Casas-Alatriste) Biblioteca del Museo Franz Mayer (Rogerio Casas-Alatriste) 25/06/2008   AM5 .C93 1982 00056 22/03/2019 22/03/2019 Libros